Tous les clubs turcs ayant participés à la Ligue des Champions - Statistiques

Statistiques générales
  • Ce quiz a été pris 175 fois
  • Le résultat moyen est 5 sur 6
Statistiques - réponses
1ère participation Dernière participation Nombres de participations Clubs % Correct
1962-63 2026-27 25 Galatasaray
100%
1958-59 2021-22 14 Besiktas
98%
1959-60 2008-09 15 Fenerbahçe
96%
2020-21 2020-21 1 İstanbul Başakşehir
80%
1976-77 2011-12 6 Trabzonspor
75%
2010-11 2010-11 1 Bursaspor
42%
Aucun quiz correspondant
Distribution des résultats
% des personnes avec chaque résultat
Percentile par nombre de réponses
Votre historique - résultats
Vous n’avez pas pris ce quiz